| 000 | 01146nam a2200241 a 4500 | ||
|---|---|---|---|
| 001 | BRCA_8819 | ||
| 005 | 20190320210426.0 | ||
| 008 | 260417s1790----sp-#######---#000-0#spa-# | ||
| 041 | _aspa | ||
| 044 | _asp | ||
| 084 |
_aBE200 _b.A44 1790 |
||
| 100 | 1 |
_aAleman, Francisco Antonio _921978 |
|
| 245 | 1 | 0 |
_aConocimiento de Jesu-Christo considerado en sus misterios, y en las diferentes qualidades ó respectos que tiene para con Dios su padre, con este mudno visible, con los hombres en sus diversos estados, y con los bienaventurados en el cielo... _ctraducida del francés por el Dr. D. Francisco Antonio Aleman, presbítero. |
| 260 |
_aMadrid _bEn la Imprenta Real _c1790 |
||
| 300 |
_aII, 493 p. (t.3) _c15.2 x 10.3 cm |
||
| 500 | _aCon las licencias necesarias | ||
| 500 | _aEn portada: Van añadidas algunas meditaciones sobre los votos del Bautismo, que se hallan al fin de la obra | ||
| 500 | _aEstado físico: presenta encuadernación en pergamino con presencia del pez de plata | ||
| 650 | 1 | 4 |
_aOraciones _yObras anteriores a 1800 _921979 |
| 650 | 1 | 4 |
_aMeditaciones _yObras anteriores a 1800 _921980 |
| 902 | _aCFM | ||
| 942 |
_2lcc _cB |
||
| 999 |
_c8470 _d8470 |
||